| 000 | 00630nam a22001457a 4500 | ||
|---|---|---|---|
| 020 | _a818389031-8 | ||
| 082 |
_a823 _bKEL/S |
||
| 100 | _aKELLER, HELEN | ||
| 245 |
_aTHE STORY OF MY LIFE _bFOR CLASS X ( TERM I & II) |
||
| 260 |
_aDELHI _bGOYAL BROTHERS PRAKASHAN _c2013 |
||
| 300 | _a168 | ||
| 520 | _aThe Story of My Life (1903) chronicles the early years of Helen Keller, a young woman who became both deaf and blind at a young age. The book explores the challenges she faced growing up as a child with disabilities, and introduces the amazing people who helped her along the way. | ||
| 650 |
_aAUTOBIOGRAPHY _zINDIA |
||
| 942 | _cBK | ||
| 999 |
_c3394 _d3394 |
||